00973cam a2200253 i 45000010009000000050017000090080041000260100017000670200038000840400023001220410008001450420008001530430012001610800018001730820022001911000007002131010008002202450249002285040051004779060045005289420012005739990017005859520117006021869731420180206041014.0150713s2016 caua b 001 0 eng  a 2015022908 a9781483319841 (pbk. : alk. paper) aDLCbengcDLCerda aeng apcc an-us--- a320.47301 KER00a320.47301 KER2231 a19 aPOL14aThe logic of American politics /cSamuel Kernell, University of California, San Diego, Gary C. Jacobson, University of California, San Diego, Thad Kousser, University of California, San Diego, Lynn Vavreck, University of California Los Angeles. aIncludes bibliographical references and index. a7bcbccorignewd1eecipf20gy-gencatlg 2ddccBK c41878d41878 00102udc40708PËKGa002b002cPËKGd2018-02-06l0o320.47301 KERp002-2999306r2018-02-06w2018-02-06yBK